| 000 | 00483nam a2200193Ia 4500 | ||
|---|---|---|---|
| 008 | 170918s9999 xx 000 0 und d | ||
| 020 | _a9780061687204 | ||
| 050 | _bG874 2005 | ||
| 100 | _aGrogan, John | ||
| 245 | _aMarley & me : | ||
| 245 | _blife and love with the world's worst dog / | ||
| 245 | _cby John Grogan. | ||
| 260 | _aNew York : | ||
| 260 | _bHarper, | ||
| 260 | _c2005 | ||
| 300 | _a308 pages : | ||
| 300 | _bsome colored illustrations ; | ||
| 300 | _c17cm. | ||
| 999 |
_c344342 _d344342 |
||